LEADER 01782nam2 2200409 450 001 000021349 005 20080522130306.0 010 $a88-420-3916-0 100 $a20080422d1992----km-y0itaa50------ba 101 0 $aita 102 $aIT 200 1 $a<> origini$e1822-1914$fR. Balzani... [et al.]$ga cura di Giorgio Mori premessa di Franco Viezzoli introduzione del Comitato scientifico$gpremessa di Franco Viezzoli$gintroduzione del Comitato scientifico 210 $aRoma ; Bari$cLaterza$d1992 215 $a2 v. (XXI, 1022 compless.)$cill.$d24 cm. 225 2 $aGrandi opere 225 2 $aGrandi opere 225 2 $aStoria dell'impresa 327 1 $aVol. 1.1 - 1922 - XXI, 521 p.$aVol. 1.2 - 1922 - P. 524-1022 410 1$12001$aGrandi opere 410 1$12001$aStoria dell'impresa 461 1$1001000021348$12001$aStoria dell'industria elettrica in Italia$v1 606 1 $aIndustria elettrica$yItalia$xStoria 676 $a338.47621310945$v(21. ed.)$9Beni e servizi. Energia Elettrica. Italia 702 1$aMori,$bGiorgio 702 1$aViezzoli,$bFranco 702 1$aBalzani,$bRoberto 801 0$aIT$bUniversità della Basilicata - B.I.A.$gRICA$2unimarc 912 $a000021349 996 $aOrigini$989025 997 $aUNIBAS BAS $aLETTERE CAT $aSTD063$b01$c20080422$lBAS01$h0934 CAT $aSTD063$b01$c20080422$lBAS01$h0939 CAT $aTTM$b30$c20080522$lBAS01$h1303 FMT Z30 -1$lBAS01$LBAS01$mBOOK$1BASA1$APolo Storico-Umanistico$2GEN$BCollezione generale$3FM/89969 10B$689969$5L89969$820080422$eXXI, 521$f02$FPrestabile Generale$hVol. 1.1 Z30 -1$lBAS01$LBAS01$mBOOK$1BASA1$APolo Storico-Umanistico$2GEN$BCollezione generale$3FM/89970 10B$689970$5L89970$820080422$e524 1022$f02$FPrestabile Generale$hVol. 1.2 LEADER 01127nam a22002771i 4500 001 991000444529707536 005 20030129180057.0 008 021009s1963 it |||||||||||||||||ita 035 $ab12005903-39ule_inst 035 $aARCHE-009570$9ExL 040 $aDip.to Filologia Ling. e Lett.$bita$cA.t.i. Arché s.c.r.l. Pandora Sicilia s.r.l. 082 04$a945.07 245 04$aGli illuministi italiani :$buna antologia dagli scritti di Filangieri, Pagano, Beccaria, P. Verri, Genovesi, Galanti, Delfico, Gioia /$ca cura di Ludovico Actis-Perinetti 260 $aTorino :$bLoescher,$c1963 300 $aXXVI, 160 p. ;$c20 cm 490 0$aClassici della filosofia 600 14$aBeccaria, Cesare 650 4$aIlluminismo- Italia$xAntologie 650 4$aFilangeri, Gaetano 700 1 $aActis Perinetti, Ludovico 907 $a.b12005903$b28-04-17$c01-04-03 912 $a991000444529707536 945 $aLE008 FL.M. V D 84$g1$i2008000136482$lle008$o-$pE0.00$q-$rl$s- $t0$u0$v0$w0$x0$y.i12291729$z01-04-03 996 $aIlluministi italiani$959390 997 $aUNISALENTO 998 $ale008$b01-04-03$cm$da $e-$fita$git $h4$i1